00515nam a22001217a 4500003000900000008004100009040007100050082002400121245003100145260004300176300002700219505014700246AR-CdUCM190429b           ||||| |||| 00| 0 spa d  aMUNICIPALIDAD PROVINCIAL DEL CUSCOcBIBLIOTECA MUNICIPAL DEL CUSCO  aC / 050.985 /bC993  aCuzco :brevista mensual /  aCuzco :bH. G. Rozas sucesores,c1941.  a40 páginas ;c34 cm.  aEl Cuzco -- Esclarecimiento del problema del indio -- La historia hispanoamericana comi proceso dialéctico -- Las ruinas de tipon y muina...